Cricket Players with the Most Test Wickets - Statistics

General Stats
  • This quiz has been taken 179 times
    96 since last reset
  • The average score is 15 of 20
Answer Stats
Country Wickets Player % Correct
Australia 708 Shane Warne
96%
England 704 James Anderson
95%
Sri Lanka 800 Muttiah Muralitharan
94%
England 604 Stuart Broad
94%
Australia 563 Glenn McGrath
89%
South Africa 439 Dale Steyn
85%
India 619 Anil Kumble
82%
Australia 556 Nathan Lyon
78%
West Indies 405 Curtly Ambrose
75%
Australia 433 Mitchell Starc
73%
West Indies 519 Courtney Walsh
70%
India 537 Ravichandran Ashwin
70%
Pakistan 414 Wasim Akram
68%
India 434 Kapil Dev
67%
India 417 Harbhajan Singh
65%
New Zealand 431 Richard Hadlee
62%
South Africa 421 Shaun Pollock
62%
New Zealand 391 Tim Southee
62%
South Africa 390 Makhaya Ntini
48%
Sri Lanka 433 Rangana Herath
44%
No matching quizzes found
Score Distribution
Percent of People with Each Score
Percentile by Number Answered
Your Score History
You have not taken this quiz since the last reset